[Event "I Festival Hotel Promenade A"]
[Site "Montesilvano ITA"]
[Date "2015.01.03"]
[Round "1"]
[White "Carnicelli, Flavio"]
[Black "Martorelli, Antonio"]
[WhiteElo "1980"]
[BlackElo "2281"]
[Result "1-0"]
[PlyCount "67"]
[EventDate "2015.01.03"]

1. e4 c5 2. d4 cxd4 3. c3 Nf6 4. e5 Nd5 5. cxd4 d6 6. Nf3 e6 7. Bc4 Bd7 8. O-O
Bc6 9. Nc3 Nxc3 10. bxc3 Nd7 11. d5 exd5 12. exd6 Bxd6 13. Re1+ Kf8 14. Bxd5
Nb6 15. Bxc6 bxc6 16. a4 h6 17. a5 Nd5 18. c4 Ne7 19. Qc2 Ng6 20. Bb2 Kg8 21.
Qc3 Qf8 22. Qd4 Bb4 23. Re4 Kh7 24. h4 Bc5 25. Qd7 Rb8 26. Bc3 Rb3 27. Bd4 f5
28. Re8 Bxd4 29. Rxf8 Rxf8 30. Qxd4 Rf7 31. Ne5 Nxe5 32. Qxe5 a6 33. h5 Rf6 34.
Rd1 1-0

[Event "I Festival Hotel Promenade A"]
[Site "Montesilvano ITA"]
[Date "2015.01.03"]
[Round "1"]
[White "Collutiis, Duilio"]
[Black "Capaliku, Aleks"]
[WhiteElo "2478"]
[BlackElo "2037"]
[Result "1-0"]
[PlyCount "111"]
[EventDate "2015.01.03"]

1. g3 e5 2. c4 Nf6 3. Bg2 d5 4. cxd5 Nxd5 5. Nc3 Nxc3 6. bxc3 Bd6 7. Nf3 O-O 8.
d4 Nc6 9. O-O h6 10. Qb3 Qf6 11. e3 Rb8 12. Nd2 Na5 13. Qc2 b6 14. Qd3 Bb7 15.
d5 Bc8 16. e4 Nb7 17. Qc2 Nc5 18. Nb3 a5 19. Be3 Qe7 20. Rfe1 Bd7 21. Rab1 f6
22. f4 Nxb3 23. axb3 Bc5 24. Qf2 Bxe3 25. Qxe3 Ra8 26. Bf1 Qd6 27. f5 Rfb8 28.
Kg2 Qc5 29. Qd2 Bb5 30. Bd3 Bxd3 31. Qxd3 b5 32. Re2 a4 33. b4 Qd6 34. Qe3 Qb6
35. Qc5 Qxc5 36. bxc5 a3 37. Ra2 Ra4 38. Kf3 Rc4 39. Rxa3 Rxc5 40. Ke3 Kf7 41.
Kd3 Ke7 42. Ra7 Kd6 43. g4 Rb6 44. Rb4 c6 45. Rxg7 cxd5 46. Rf7 dxe4+ 47. Kxe4
Rxc3 48. Rxf6+ Kc5 49. Rxb6 Kxb4 50. Kxe5 Kc5 51. Rxh6 b4 52. Rh8 Re3+ 53. Kf6
b3 54. Rb8 Kc4 55. g5 Rh3 56. g6 1-0

[Event "I Festival Hotel Promenade A"]
[Site "Montesilvano ITA"]
[Date "2015.01.03"]
[Round "1"]
[White "Forlano, Luigi"]
[Black "Naumkin, Igor"]
[WhiteElo "2002"]
[BlackElo "2408"]
[Result "0-1"]
[PlyCount "52"]
[EventDate "2015.01.03"]

1. d4 e6 2. e4 d5 3. Nc3 Nf6 4. Bg5 Be7 5. e5 Nfd7 6. h4 a6 7. Qd2 c5 8. Bxe7
Qxe7 9. f4 cxd4 10. Nce2 f6 11. exf6 Nxf6 12. O-O-O Ne4 13. Qe1 O-O 14. Nf3 Nc6
15. Nexd4 Rxf4 16. Qe3 Qf6 17. Ne2 Rg4 18. g3 Nxg3 19. Rg1 Nf5 20. Qf2 Rxg1 21.
Nexg1 Bd7 22. Ng5 Rc8 23. a3 Ne5 24. N1f3 Ng4 25. Qe1 Nfe3 26. Rd2 h6 0-1

[Event "I Festival Hotel Promenade A"]
[Site "Montesilvano ITA"]
[Date "2015.01.03"]
[Round "1"]
[White "Gueci, Laura"]
[Black "Ceschia, Ivano"]
[WhiteElo "1972"]
[BlackElo "2260"]
[Result "0-1"]
[PlyCount "120"]
[EventDate "2015.01.03"]

1. c4 Nf6 2. g3 g6 3. Bg2 Bg7 4. Nc3 O-O 5. d3 d6 6. Nf3 e5 7. O-O Re8 8. h3
Nc6 9. Rb1 e4 10. dxe4 Nxe4 11. Nxe4 Rxe4 12. Ng5 Rd4 13. Qc2 h6 14. e3 Bf5 15.
e4 Bd7 16. Nf3 Rxe4 17. Qxe4 Bf5 18. Qd5 Bxb1 19. Bxh6 Bf5 20. Bxg7 Kxg7 21.
Nd4 Nxd4 22. Qxd4+ Qf6 23. Rd1 Qxd4 24. Rxd4 Rb8 25. b3 Bb1 26. Rd2 b5 27. Bd5
b4 28. Rb2 Bf5 29. g4 Bd7 30. Re2 Re8 31. Rxe8 Bxe8 32. g5 Bd7 33. Be4 Bxh3 34.
f4 Bf5 35. Bc6 Bb1 36. Kf2 Bxa2 37. Ba4 Bb1 38. Ke3 c5 39. Kd2 Be4 40. Ke3 Bf5
41. Bc6 Bc2 42. Ba4 Kf8 43. Kd2 Be4 44. Ke3 Bb7 45. Bd7 Ke7 46. Bg4 Bc6 47. Bd1
d5 48. Kd3 d4 49. Bg4 a5 50. Bd1 Bd7 51. Ke4 Kd6 52. Kd3 Bf5+ 53. Kd2 f6 54.
gxf6 Ke6 55. Bf3 Kxf6 56. Bc6 Be6 57. Be4 Bd7 58. Bc2 Bf5 59. Bd1 Be4 60. Bg4
Bc6 0-1

[Event "I Festival Hotel Promenade A"]
[Site "Montesilvano ITA"]
[Date "2015.01.03"]
[Round "1"]
[White "Gueci, Tea"]
[Black "Horvath, Jozsef"]
[WhiteElo "2050"]
[BlackElo "2514"]
[Result "0-1"]
[PlyCount "118"]
[EventDate "2015.01.03"]

1. e4 Nf6 2. e5 Nd5 3. d4 d6 4. c4 Nb6 5. exd6 exd6 6. Nc3 Be7 7. Bd3 Nc6 8.
Nge2 O-O 9. O-O Bf6 10. Be3 Nb4 11. a3 Nxd3 12. Qxd3 d5 13. c5 Nc4 14. Bc1 b6
15. b3 Na5 16. Na4 Re8 17. b4 Nc4 18. Nec3 c6 19. b5 cxb5 20. Nxb5 Ba6 21. Rb1
Bxb5 22. Rxb5 Re4 23. cxb6 axb6 24. Qb3 Bxd4 25. Nc3 Bxc3 26. Qxc3 Qd7 27. Rb4
Rae8 28. Qd3 Re1 29. Bb2 Qf5 30. Qc3 Rxf1+ 31. Kxf1 Qb1+ 32. Bc1 Qe4 33. Be3 f5
34. g3 Qh1+ 35. Ke2 Qxh2 36. Rxc4 dxc4 37. Qxc4+ Kh8 38. Qf7 Rg8 39. Qxf5 Qh1
40. Bxb6 Qc6 41. Be3 Rd8 42. Qc5 Qh1 43. Qc2 Qh5+ 44. Ke1 Qa5+ 45. Ke2 Qxa3 46.
Bc1 Qa6+ 47. Ke1 Rc8 48. Qb2 Qa8 49. Be3 Rb8 50. Qe5 Re8 51. Qc3 Qf3 52. Qc7
Ra8 53. Qc3 Qh1+ 54. Ke2 Ra2+ 55. Bd2 Ra8 56. Qe5 Qc6 57. Be3 Re8 58. Qb2 h6
59. Kf1 Rxe3 0-1

[Event "I Festival Hotel Promenade A"]
[Site "Montesilvano ITA"]
[Date "2015.01.03"]
[Round "1"]
[White "Horvath, Csaba"]
[Black "Orfini, Nicolo'"]
[WhiteElo "2540"]
[BlackElo "2050"]
[Result "1-0"]
[PlyCount "39"]
[EventDate "2015.01.03"]

1. d4 d6 2. e4 Nf6 3. Nc3 g6 4. Be3 Bg7 5. Qd2 Ng4 6. Bg5 h6 7. Bh4 O-O 8.
O-O-O Nd7 9. f4 Ngf6 10. e5 Nh7 11. Nf3 Nb6 12. h3 h5 13. Bd3 Bh6 14. Kb1 c6
15. g4 hxg4 16. hxg4 Bxg4 17. Qg2 Bxf3 18. Qxf3 Bg7 19. Qh3 Qc8 20. f5 1-0

[Event "I Festival Hotel Promenade A"]
[Site "Montesilvano ITA"]
[Date "2015.01.03"]
[Round "1"]
[White "Juhasz, Armin"]
[Black "Rebeggiani, Andrea"]
[WhiteElo "2292"]
[BlackElo "1980"]
[Result "1-0"]
[PlyCount "41"]
[EventDate "2015.01.03"]

1. Nf3 d5 2. g3 Nf6 3. Bg2 e6 4. d4 Be7 5. c4 O-O 6. Nc3 c5 7. cxd5 Nxd5 8.
Nxd5 Qxd5 9. O-O Rd8 10. Be3 Qh5 11. Qc2 cxd4 12. Nxd4 Na6 13. Bf3 Qa5 14. a3
e5 15. Nf5 Bxf5 16. Qxf5 Qc7 17. Rac1 Qd7 18. Qe4 b6 19. Qc4 b5 20. Qc6 f5 21.
Qxd7 1-0

[Event "I Festival Hotel Promenade A"]
[Site "Montesilvano ITA"]
[Date "2015.01.03"]
[Round "1"]
[White "Minerba, Paolo"]
[Black "Sedina, Elena"]
[WhiteElo "1985"]
[BlackElo "2306"]
[Result "0-1"]
[PlyCount "56"]
[EventDate "2015.01.03"]

1. e4 e6 2. d4 d5 3. exd5 exd5 4. Nf3 Bd6 5. c4 Nf6 6. Nc3 dxc4 7. Bxc4 O-O 8.
O-O Nc6 9. h3 h6 10. Be3 a6 11. a4 Bf5 12. Re1 Qd7 13. d5 Ne5 14. Nxe5 Bxe5 15.
Bd4 Bxd4 16. Qxd4 Rfe8 17. Rad1 Rad8 18. Re3 Rxe3 19. fxe3 Re8 20. Bd3 Bxd3 21.
Qxd3 Qe7 22. e4 Nxe4 23. Re1 Qc5+ 24. Kh2 Qd6+ 25. Kg1 Nf6 26. Rxe8+ Nxe8 27.
Ne4 Qb6+ 28. Kh2 Qxb2 0-1

[Event "I Festival Hotel Promenade A"]
[Site "Montesilvano ITA"]
[Date "2015.01.03"]
[Round "1"]
[White "Sibilio, Mario"]
[Black "Di Primio, Eugenia"]
[WhiteElo "2280"]
[BlackElo "1974"]
[Result "1-0"]
[PlyCount "79"]
[EventDate "2015.01.03"]

1. d4 f5 2. Nc3 Nf6 3. Bg5 d5 4. Bxf6 exf6 5. e3 Be6 6. h4 g6 7. h5 g5 8. Bd3
Qd7 9. Nce2 Bd6 10. Nf3 a6 11. c3 Nc6 12. Qc2 Ne7 13. c4 dxc4 14. Bxc4 Bxc4 15.
Qxc4 Qc6 16. Qxc6+ Nxc6 17. O-O-O Kf7 18. Nc3 Rhe8 19. g3 Rad8 20. Rhe1 h6 21.
Kb1 Bf8 22. d5 Ne5 23. Nd4 Ng4 24. Re2 f4 25. gxf4 gxf4 26. Rg1 Ne5 27. exf4
Nd3 28. Ne6 Rd7 29. Rd1 Nb4 30. f5 c6 31. Red2 Nxd5 32. Nxd5 cxd5 33. Rxd5 Rxd5
34. Rxd5 b5 35. Rd7+ Re7 36. Rd6 Ra7 37. Rd8 Be7 38. Rh8 Rd7 39. Rxh6 Rd5 40.
Rh7+ 1-0

[Event "I Festival Hotel Promenade A"]
[Site "Montesilvano ITA"]
[Date "2015.01.03"]
[Round "1"]
[White "Zimina, Olga"]
[Black "Pecorari, Marcello"]
[WhiteElo "2328"]
[BlackElo "1995"]
[Result "1-0"]
[PlyCount "73"]
[EventDate "2015.01.03"]

1. Nf3 c5 2. c4 Nf6 3. Nc3 Nc6 4. d4 cxd4 5. Nxd4 g6 6. Nc2 Bg7 7. e4 d6 8. Be2
O-O 9. O-O b6 10. f3 Bb7 11. Be3 Qd7 12. Qd2 Rfd8 13. Rfd1 h5 14. b3 Kh7 15.
Rac1 Re8 16. h3 Rad8 17. b4 Ba8 18. f4 Qc7 19. Bd3 Qb7 20. a3 Qc8 21. a4 Nd7
22. Nd5 Nf6 23. a5 bxa5 24. b5 Nb4 25. Ncxb4 axb4 26. Qxb4 Bxd5 27. cxd5 Qb8
28. Qa5 Rd7 29. Ra1 Nxd5 30. exd5 Bxa1 31. Qxa1 Rc8 32. f5 Rg8 33. Rf1 Qe8 34.
Qd4 e6 35. Qf4 g5 36. fxe6+ Kh6 37. Qf6+ 1-0

[Event "I Festival Hotel Promenade A"]
[Site "Montesilvano ITA"]
[Date "2015.01.04"]
[Round "2"]
[White "Capitelli, Paolo"]
[Black "Juhasz, Armin"]
[WhiteElo "2071"]
[BlackElo "2292"]
[Result "0-1"]
[PlyCount "94"]
[EventDate "2015.01.03"]

1. e4 c6 2. d4 d5 3. Nc3 dxe4 4. Nxe4 Bf5 5. Ng3 Bg6 6. h4 h6 7. Nf3 e6 8. Bd3
Bxd3 9. Qxd3 Nf6 10. Bd2 Be7 11. O-O-O O-O 12. c4 b5 13. cxb5 Qd5 14. Kb1 cxb5
15. Rde1 Nc6 16. Ne4 Rfd8 17. Nc3 Qc4 18. Qxc4 bxc4 19. Be3 Ng4 20. Rd1 Nb4 21.
Ne1 Rab8 22. Ka1 Rb7 23. g3 Rdb8 24. Rf1 Bd6 25. Ne4 Bc7 26. Bc1 Nd5 27. Nc5
Rb5 28. Nc2 Nh2 29. Rh1 Ng4 30. Rhf1 c3 31. b3 Rd8 32. Na3 Rbb8 33. Na6 Rbc8
34. Nxc7 Rxc7 35. Nc2 a5 36. f3 Ngf6 37. g4 Ne8 38. g5 h5 39. Kb1 Rb7 40. Ne3
Nec7 41. Nc4 a4 42. Kc2 axb3+ 43. axb3 Nb5 44. Na5 Nb4+ 45. Kb1 c2+ 46. Kb2
cxd1=N+ 47. Rxd1 Ra7 0-1

[Event "I Festival Hotel Promenade A"]
[Site "Montesilvano ITA"]
[Date "2015.01.04"]
[Round "2"]
[White "Carnicelli, Flavio"]
[Black "Sibilio, Mario"]
[WhiteElo "1980"]
[BlackElo "2280"]
[Result "0-1"]
[PlyCount "58"]
[EventDate "2015.01.03"]

1. e4 d6 2. d4 Nf6 3. Nc3 c6 4. f3 Nbd7 5. Be3 b5 6. g4 Nb6 7. Bd3 e5 8. Nce2
Nfd7 9. c3 Be7 10. Ng3 g6 11. Qd2 a6 12. N1e2 c5 13. d5 c4 14. Bc2 Nc5 15. O-O
Qc7 16. g5 f6 17. h4 Bh3 18. Rf2 O-O-O 19. Rh2 Bd7 20. b3 Rdf8 21. Kg2 f5 22.
f4 fxe4 23. Nxe4 Bf5 24. Nxc5 dxc5 25. Bxf5+ Rxf5 26. Ng3 Rf7 27. Ne2 Rd8 28.
Kg3 Rxd5 29. Qc2 Rd3 0-1

[Event "I Festival Hotel Promenade A"]
[Site "Montesilvano ITA"]
[Date "2015.01.04"]
[Round "2"]
[White "Carnicelli, Valerio"]
[Black "Horvath, Csaba"]
[WhiteElo "2195"]
[BlackElo "2540"]
[Result "0-1"]
[PlyCount "42"]
[EventDate "2015.01.03"]

1. e4 c5 2. Nf3 e6 3. d4 cxd4 4. Nxd4 a6 5. Bd3 Bc5 6. Nb3 Ba7 7. O-O Nc6 8.
Qe2 d6 9. Be3 Nf6 10. N1d2 e5 11. h3 O-O 12. Rad1 Be6 13. c4 a5 14. Nf3 Bxe3
15. fxe3 Nd7 16. a3 a4 17. Nc1 Nc5 18. Na2 Na5 19. Nd2 Nxd3 20. Qxd3 b5 21. Nc3
Nxc4 0-1

[Event "I Festival Hotel Promenade A"]
[Site "Montesilvano ITA"]
[Date "2015.01.04"]
[Round "2"]
[White "Ceschia, Ivano"]
[Black "Bellincampi, Stefano"]
[WhiteElo "2260"]
[BlackElo "1967"]
[Result "1-0"]
[PlyCount "39"]
[EventDate "2015.01.03"]

1. e4 e5 2. Nf3 Nc6 3. Bb5 a6 4. Ba4 Nf6 5. Bxc6 dxc6 6. d3 Qd6 7. Nbd2 Nd7 8.
Nc4 Qe6 9. O-O Bd6 10. Nh4 Nf8 11. Nf5 Qg6 12. f4 exf4 13. Nfxd6+ cxd6 14. Bxf4
Bg4 15. Qe1 Ne6 16. Nxd6+ Kd7 17. Bg3 f6 18. Nxb7 Nd4 19. Rf2 Rhe8 20. Qb4 1-0

[Event "I Festival Hotel Promenade A"]
[Site "Montesilvano ITA"]
[Date "2015.01.04"]
[Round "2"]
[White "Difronzo, Andrea"]
[Black "Collutiis, Duilio"]
[WhiteElo "2170"]
[BlackElo "2478"]
[Result "0-1"]
[PlyCount "118"]
[EventDate "2015.01.03"]

1. Nf3 c5 2. c4 Nc6 3. Nc3 Nd4 4. g3 Nxf3+ 5. exf3 Nf6 6. Bg2 g6 7. O-O Bg7 8.
d4 cxd4 9. Qxd4 d6 10. b3 O-O 11. Bb2 Be6 12. f4 Nd5 13. Qd2 Nxc3 14. Bxc3 Bxc3
15. Qxc3 Rb8 16. Rfd1 Qc7 17. Rac1 Rfc8 18. Qe3 Qc5 19. Bd5 Qxe3 20. fxe3 Bf5
21. Kf2 Rc7 22. Ke2 Rbc8 23. a4 b6 24. Bf3 a6 25. Kd2 Kf8 26. e4 Be6 27. g4 f6
28. Be2 Bf7 29. h3 Kg7 30. Rg1 h6 31. Bd3 Rh8 32. Be2 a5 33. Rg3 g5 34. Ke3
gxf4+ 35. Kxf4 Rc5 36. Bf3 Kf8 37. h4 Ke8 38. Rcg1 Bg6 39. g5 fxg5+ 40. hxg5 h5
41. Rh1 Re5 42. Rh4 Kd8 43. Rgh3 Rf8+ 44. Ke3 Rxg5 45. Bxh5 Bxh5 46. Rxh5 Rfg8
47. Rxg5 Rxg5 48. Kf4 Rg1 49. Re3 Rf1+ 50. Kg3 e5 51. Kg4 Rf4+ 52. Kg3 Kc7 53.
Re2 Kc6 54. Re3 Kc5 55. Re1 Kd4 56. Rd1+ Kxe4 57. Rxd6 Rf3+ 58. Kg2 Rxb3 59.
Rc6 Kd4 0-1

[Event "I Festival Hotel Promenade A"]
[Site "Montesilvano ITA"]
[Date "2015.01.04"]
[Round "2"]
[White "Horvath, Jozsef"]
[Black "Viviani, Alessio"]
[WhiteElo "2514"]
[BlackElo "2181"]
[Result "1-0"]
[PlyCount "49"]
[EventDate "2015.01.03"]

1. d4 Nf6 2. Nf3 g6 3. g3 Bg7 4. Bg2 O-O 5. O-O d6 6. b3 Nc6 7. Bb2 a6 8. c4
Rb8 9. d5 Na5 10. Nd4 Bd7 11. Nd2 c5 12. Nc2 b5 13. Bc3 bxc4 14. bxc4 Ba4 15.
Qc1 Bh6 16. Ne3 Rb4 17. Qa3 Bxe3 18. Bxb4 cxb4 19. Qxe3 Ng4 20. Qd4 Ne5 21.
Rab1 Qb8 22. c5 dxc5 23. Qxc5 Bb5 24. Rxb4 Nb7 25. Qxe7 1-0

[Event "I Festival Hotel Promenade A"]
[Site "Montesilvano ITA"]
[Date "2015.01.04"]
[Round "2"]
[White "Naumkin, Igor"]
[Black "Di Donatantonio, Franco"]
[WhiteElo "2408"]
[BlackElo "2114"]
[Result "1/2-1/2"]
[PlyCount "103"]
[EventDate "2015.01.03"]

1. d4 d6 2. Nf3 Nf6 3. c4 Nbd7 4. Nc3 e5 5. e4 Be7 6. Be2 O-O 7. O-O c6 8. d5
Nc5 9. Qc2 Bg4 10. b4 Ncd7 11. dxc6 bxc6 12. Rd1 Qc7 13. Rb1 Nb6 14. Qb3 Rab8
15. a4 Rfd8 16. Be3 Bh5 17. Rbc1 Ng4 18. Bd2 Nd7 19. h3 Ngf6 20. Qc2 Nf8 21. b5
Ne6 22. Be3 c5 23. Nd5 Nxd5 24. cxd5 Nf8 25. Re1 Bg6 26. Nd2 Nd7 27. Bd3 Rf8
28. Nc4 Nb6 29. Rb1 Nxc4 30. Qxc4 f5 31. Bd2 Qd8 32. a5 Bg5 33. Bc3 Qf6 34.
exf5 Bxf5 35. Bxf5 Qxf5 36. Rb2 Bd8 37. Re4 Rb7 38. f3 Bg5 39. b6 Qd7 40. bxa7
Rxb2 41. Bxb2 Qxa7 42. Bc3 Rb8 43. Re1 Bf4 44. Kh1 Qb7 45. a6 Qb6 46. Qd3 g6
47. Ra1 Ra8 48. Be1 Qb2 49. Rb1 Qa2 50. g3 c4 51. Qd1 Be3 52. Ra1 1/2-1/2

[Event "I Festival Hotel Promenade A"]
[Site "Montesilvano ITA"]
[Date "2015.01.04"]
[Round "2"]
[White "Paolillo, Gaia"]
[Black "Pescatore, Lorenzo"]
[WhiteElo "1899"]
[BlackElo "2254"]
[Result "1/2-1/2"]
[PlyCount "84"]
[EventDate "2015.01.03"]

1. Nf3 Nf6 2. c4 b6 3. g3 Bb7 4. Bg2 e5 5. O-O e4 6. Ne1 d5 7. cxd5 Qxd5 8. Nc3
Qe6 9. d3 Nbd7 10. Nxe4 Nxe4 11. dxe4 Bxe4 12. Nf3 Be7 13. Bf4 c5 14. Ng5 Bxg5
15. Bxg5 Bxg2 16. Kxg2 O-O 17. Qd2 Rfe8 18. Rad1 Ne5 19. b3 h6 20. Bf4 Ng6 21.
Be3 Qe4+ 22. Kg1 Qg4 23. Rfe1 Re6 24. Qd5 Rae8 25. Qf3 Ne5 26. Qxg4 Nxg4 27.
Rd7 a5 28. Rb7 Nxe3 29. fxe3 Rd8 30. Rf1 f6 31. Kf2 Rd2 32. a3 Red6 33. Rc1 Rb2
34. Rc3 Kh7 35. Kf3 Kg6 36. g4 Rb1 37. h4 Rf1+ 38. Ke4 Rb1 39. Kf3 Rf1+ 40. Ke4
Rfd1 41. Rd3 Re6+ 42. Kf3 Rxd3 1/2-1/2

[Event "I Festival Hotel Promenade A"]
[Site "Montesilvano ITA"]
[Date "2015.01.04"]
[Round "2"]
[White "Sedina, Elena"]
[Black "Pierantozzi, Stanislao"]
[WhiteElo "2306"]
[BlackElo "2058"]
[Result "1-0"]
[PlyCount "43"]
[EventDate "2015.01.03"]

1. e4 d6 2. d4 Nf6 3. Nc3 e5 4. Nf3 Nbd7 5. Bc4 Be7 6. O-O O-O 7. a4 c6 8. Qe2
b6 9. Rd1 Qc7 10. Ba2 a6 11. Nh4 g6 12. Bh6 Re8 13. Qc4 Bf8 14. Qxf7+ Kh8 15.
Bg5 Be7 16. dxe5 dxe5 17. Rd3 Qd8 18. Nxg6+ hxg6 19. Rh3+ Nh5 20. Rxh5+ gxh5
21. Qxh5+ Kg7 22. Qh6# 1-0

[Event "I Festival Hotel Promenade A"]
[Site "Montesilvano ITA"]
[Date "2015.01.04"]
[Round "2"]
[White "Seresin, Francesco"]
[Black "Zimina, Olga"]
[WhiteElo "2075"]
[BlackElo "2328"]
[Result "0-1"]
[PlyCount "82"]
[EventDate "2015.01.03"]

1. d4 d5 2. c4 e6 3. Nc3 c6 4. cxd5 exd5 5. Bf4 Bd6 6. Bg3 Ne7 7. e3 Bf5 8. Bd3
O-O 9. Nf3 Re8 10. Rc1 Bxg3 11. hxg3 Nd7 12. O-O Nf6 13. Ne5 Qd6 14. Bxf5 Nxf5
15. g4 Ne7 16. Qf3 Qe6 17. Ne2 Ng6 18. Nd3 Qxg4 19. Qxg4 Nxg4 20. Nc5 Re7 21.
b4 Nf6 22. Nc3 Nh4 23. Rb1 Nf5 24. b5 Nd6 25. bxc6 bxc6 26. Rfc1 Ree8 27. N3a4
Rab8 28. Nb3 Nc4 29. Nb2 Na3 30. Ra1 Rb6 31. Rc5 Ne4 32. Ra5 Nb5 33. Na4 Rbb8
34. Rc1 Re6 35. Ra6 Rc8 36. Nac5 Nxc5 37. Rxc5 f5 38. a4 Na3 39. Rxd5 f4 40.
Rd7 Rb8 41. Nc5 Rb1+ 0-1

[Event "I Festival Hotel Promenade A"]
[Site "Montesilvano ITA"]
[Date "2015.01.04"]
[Round "3"]
[White "Calavalle, Giulio"]
[Black "Naumkin, Igor"]
[WhiteElo "2221"]
[BlackElo "2408"]
[Result "1/2-1/2"]
[PlyCount "35"]
[EventDate "2015.01.03"]

1. e4 e6 2. d4 d5 3. exd5 exd5 4. Bd3 c5 5. dxc5 Bxc5 6. Nf3 Nf6 7. O-O O-O 8.
Bg5 Qd6 9. Nc3 Nbd7 10. Qd2 a6 11. a3 b5 12. Rad1 Bb7 13. Ne2 Qb6 14. b4 Be7
15. Ned4 Rfe8 16. Nf5 Bf8 17. Be3 Qd8 18. Bd4 1/2-1/2

[Event "I Festival Hotel Promenade A"]
[Site "Montesilvano ITA"]
[Date "2015.01.04"]
[Round "3"]
[White "Collutiis, Duilio"]
[Black "Sibilio, Mario"]
[WhiteElo "2478"]
[BlackElo "2280"]
[Result "1/2-1/2"]
[PlyCount "35"]
[EventDate "2015.01.03"]

1. g3 g6 2. Bg2 Bg7 3. c4 Nf6 4. Nc3 O-O 5. d4 d6 6. e3 e5 7. Nge2 exd4 8. Nxd4
c6 9. b3 Re8 10. O-O Na6 11. Bb2 Nc5 12. Qc2 a5 13. Rfd1 Qe7 14. Rac1 Bg4 15.
Rd2 Rad8 16. h3 Bc8 17. Rcd1 h5 18. Nde2 1/2-1/2

[Event "I Festival Hotel Promenade A"]
[Site "Montesilvano ITA"]
[Date "2015.01.04"]
[Round "3"]
[White "Di Donatantonio, Franco"]
[Black "Paolillo, Gaia"]
[WhiteElo "2114"]
[BlackElo "1899"]
[Result "1-0"]
[PlyCount "127"]
[EventDate "2015.01.03"]

1. d3 d5 2. Nd2 Nf6 3. e4 e6 4. Ngf3 c5 5. Be2 Nc6 6. O-O Bd6 7. Re1 O-O 8. c3
Qc7 9. Qc2 Bd7 10. Nf1 b5 11. Bg5 Ne8 12. Ne3 d4 13. Nf1 f6 14. Bd2 a6 15. Ng3
Rc8 16. Rac1 Kh8 17. cxd4 cxd4 18. Qb1 Qa7 19. b4 Nc7 20. Qb2 Na8 21. Bd1 e5
22. a3 Ne7 23. Bb3 Nb6 24. Nh4 Rxc1 25. Rxc1 Rc8 26. Rxc8+ Bxc8 27. Qc2 g6 28.
Qd1 Ng8 29. Qc2 Qc7 30. Qa2 Qd8 31. Nf3 Kg7 32. h3 Bd7 33. Nh2 h5 34. Nf3 Ne7
35. Nh4 Qc8 36. Bf7 Be8 37. Bb3 Na4 38. Ne2 Bd7 39. Kh2 Be8 40. Bc1 Bd7 41. Qd2
Qh8 42. Qa2 Qb8 43. Be6 Qc8 44. Bb3 Qb8 45. Ng3 Nc3 46. Qd2 Qh8 47. Ne2 Na4 48.
Qd1 Qb8 49. Ng3 Nc3 50. Nxh5+ Kf8 51. Bh6+ Ke8 52. Nxf6+ Kd8 53. Qf3 Bc8 54.
Ng8 Nxg8 55. Bxg8 Kc7 56. Bb3 Bd7 57. Nxg6 a5 58. bxa5 Bxa3 59. Qf6 Bd6 60. Bf8
Bxf8 61. Nxf8 Kc8 62. Nxd7 Kxd7 63. Qe6+ Kd8 64. Qg8+ 1-0

[Event "I Festival Hotel Promenade A"]
[Site "Montesilvano ITA"]
[Date "2015.01.04"]
[Round "3"]
[White "Forlano, Luigi"]
[Black "Molina, Fabrizio"]
[WhiteElo "2002"]
[BlackElo "2246"]
[Result "0-1"]
[PlyCount "66"]
[EventDate "2015.01.03"]

1. d4 d5 2. g3 Nf6 3. Bg2 c5 4. Nf3 Nc6 5. c4 e6 6. O-O Be7 7. cxd5 exd5 8. a3
O-O 9. dxc5 Bxc5 10. b4 Bb6 11. Bb2 Re8 12. Nc3 a6 13. Na4 Ba7 14. Rc1 Ne4 15.
Nc3 Be6 16. Nxe4 dxe4 17. Qxd8 Raxd8 18. Ng5 e3 19. Nxe6 exf2+ 20. Kh1 Rxe6 21.
Bf3 h6 22. Kg2 Red6 23. Bc3 Be3 24. Ra1 b5 25. Rab1 Ne7 26. Bb2 Nd5 27. Bxd5
Rxd5 28. Bc1 Bb6 29. e3 Rc8 30. Kxf2 Rc2+ 31. Ke1 Rxh2 32. Rf2 Rh3 33. Rb3 Rh1+
0-1

[Event "I Festival Hotel Promenade A"]
[Site "Montesilvano ITA"]
[Date "2015.01.04"]
[Round "3"]
[White "Horvath, Csaba"]
[Black "Sedina, Elena"]
[WhiteElo "2540"]
[BlackElo "2306"]
[Result "1-0"]
[PlyCount "83"]
[EventDate "2015.01.03"]

1. Nf3 d5 2. c4 c6 3. e3 Nf6 4. Qc2 a6 5. b3 g6 6. Bb2 Bg7 7. Be2 O-O 8. d3
dxc4 9. bxc4 c5 10. Ne5 Nfd7 11. Nxd7 Bxd7 12. Bxg7 Kxg7 13. Qb2+ Kg8 14. O-O
Bc6 15. Nd2 Nd7 16. d4 e6 17. Bf3 Bxf3 18. Nxf3 cxd4 19. exd4 Qc7 20. Rac1 Rac8
21. Rfd1 b6 22. Qa3 a5 23. Qe3 Rfe8 24. Qh6 Nf8 25. Ne5 f6 26. Ng4 Qg7 27. Qf4
Nd7 28. Qd6 Rcd8 29. Qc6 f5 30. Ne3 Rc8 31. Qb5 f4 32. Ng4 h5 33. Ne5 Nxe5 34.
dxe5 Re7 35. Re1 Rb7 36. Rcd1 g5 37. Rd6 Qc7 38. Re4 Rd8 39. Red4 Rxd6 40. exd6
Qd8 41. Qe5 Kf7 42. h4 1-0

[Event "I Festival Hotel Promenade A"]
[Site "Montesilvano ITA"]
[Date "2015.01.04"]
[Round "3"]
[White "Juhasz, Armin"]
[Black "Horvath, Jozsef"]
[WhiteElo "2292"]
[BlackElo "2514"]
[Result "0-1"]
[PlyCount "74"]
[EventDate "2015.01.03"]

1. d4 g6 2. c4 Bg7 3. e4 d6 4. Nc3 Nd7 5. Be2 e5 6. Nf3 Ngf6 7. O-O O-O 8. Be3
Qe7 9. Qc2 c6 10. d5 c5 11. Ne1 Kh8 12. a3 Ng8 13. f3 f5 14. b4 b6 15. Nd3 Bh6
16. Bf2 Ndf6 17. bxc5 bxc5 18. Qd1 Rb8 19. Kh1 Bd7 20. Bh4 Be3 21. g4 g5 22.
Bf2 Bd4 23. Rc1 Bxc3 24. Rxc3 fxe4 25. fxe4 Nxe4 26. Rc1 Nxf2+ 27. Nxf2 Rf4 28.
Rb1 Rxb1 29. Qxb1 Nf6 30. h3 Be8 31. Kg1 Bg6 32. Qb8+ Kg7 33. Nh1 h5 34. a4 h4
35. a5 e4 36. a6 e3 37. Qb7 Be4 0-1

[Event "I Festival Hotel Promenade A"]
[Site "Montesilvano ITA"]
[Date "2015.01.04"]
[Round "3"]
[White "Martorelli, Antonio"]
[Black "Pecorari, Marcello"]
[WhiteElo "2281"]
[BlackElo "1995"]
[Result "1-0"]
[PlyCount "55"]
[EventDate "2015.01.03"]

1. e4 c5 2. Nf3 d6 3. d4 cxd4 4. Nxd4 Nf6 5. Nc3 Nc6 6. Bc4 e6 7. Be3 Be7 8.
Qe2 a6 9. O-O-O Qc7 10. Bb3 O-O 11. f4 Nxd4 12. Rxd4 b5 13. f5 exf5 14. exf5
Bxf5 15. g4 Be6 16. g5 Nd7 17. Nd5 Bxd5 18. Bxd5 Rac8 19. Rh4 g6 20. Re4 Ne5
21. h4 Kg7 22. h5 f5 23. hxg6 h5 24. Rxh5 Rh8 25. Reh4 Ng4 26. Rxh8 Qxc2+ 27.
Qxc2 Rxc2+ 28. Kb1 1-0

[Event "I Festival Hotel Promenade A"]
[Site "Montesilvano ITA"]
[Date "2015.01.04"]
[Round "3"]
[White "Pescatore, Lorenzo"]
[Black "Carnicelli, Valerio"]
[WhiteElo "2254"]
[BlackElo "2195"]
[Result "1-0"]
[PlyCount "59"]
[EventDate "2015.01.03"]

1. Nf3 d5 2. c4 e6 3. b3 Nf6 4. Bb2 Be7 5. e3 O-O 6. Be2 c5 7. O-O Nc6 8. cxd5
Nxd5 9. a3 Bf6 10. Qc2 Bxb2 11. Qxb2 b6 12. Nc3 Bb7 13. Nxd5 Qxd5 14. b4 Rfd8
15. Rfc1 cxb4 16. axb4 Rac8 17. d4 Ba8 18. Ba6 Rb8 19. Bc4 Qh5 20. Be2 Qd5 21.
b5 Na5 22. Rc7 Rdc8 23. Rac1 Rxc7 24. Rxc7 Bb7 25. Qc2 Rd8 26. Bd3 f5 27. Bf1
f4 28. Ne5 Rf8 29. Rd7 Qe4 30. Qc7 1-0

[Event "I Festival Hotel Promenade A"]
[Site "Montesilvano ITA"]
[Date "2015.01.04"]
[Round "3"]
[White "Zimina, Olga"]
[Black "Ceschia, Ivano"]
[WhiteElo "2328"]
[BlackElo "2260"]
[Result "1-0"]
[PlyCount "81"]
[EventDate "2015.01.03"]

1. Nf3 Nf6 2. c4 g6 3. Nc3 d5 4. cxd5 Nxd5 5. Qa4+ Nc6 6. Ne5 Ndb4 7. a3 Bg7 8.
axb4 Bxe5 9. b5 Nb8 10. g3 Nd7 11. Bg2 h5 12. d3 h4 13. Be3 Kf8 14. d4 Nb6 15.
Qd1 Bf6 16. d5 Nc4 17. Bc1 hxg3 18. hxg3 Rxh1+ 19. Bxh1 Kg7 20. Qb3 Qh8 21. Bg2
Qh2 22. Bf1 Ne5 23. Bf4 Ng4 24. Nd1 Qg1 25. Qf3 Nh2 26. Qg2 Qxf1+ 27. Qxf1 Nxf1
28. Kxf1 Bd7 29. Nc3 c6 30. dxc6 bxc6 31. b6 Rh8 32. Rxa7 Bh3+ 33. Ke1 Bd4 34.
Be3 Bxe3 35. fxe3 Rb8 36. Na4 Bc8 37. Rxe7 Ba6 38. b3 Kf6 39. Rc7 Bb5 40. b7
Ke6 41. Rc8 1-0